00225nam a2200097Ia 4500100001700000654002200017245002200039260003900061082001500100546001200115 aGrant/ H.E.  aJigs And fixtures aJigs and fixtures bTata Mc Graw hillaNEW DELHIc1979 a621.9bJos aENGLISH